| 000 | 01137cam a22002534a 4500 | ||
|---|---|---|---|
| 020 | _a0071453032 (acidfree paper) | ||
| 082 | 0 | 0 |
_a628.3 _bWAT _cN-1, P-100. |
| 245 | 0 | 0 |
_aUpgrading and retrofitting water and wastewater treatment plants / _cWater Environment Federation. |
| 260 |
_aNew York : _bMcGraw-Hill, _cc2005. |
||
| 300 |
_axxi, 230 p. : _bill. ; _c25 cm. |
||
| 490 | 1 | _aWEF manual of practice ; | |
| 500 | _aPrepared by Upgrading and Retrofitting Water and Wastewater Treatment Plants Task Force of the Water Environment Federation. | ||
| 526 |
_a0 _b0 _c0 _d628_300000000000000_WAT |
||
| 650 | 0 |
_a|MC||E _944175 |
|
| 650 | 0 |
_aSewage disposal plants _xRetrofitting. _944176 |
|
| 650 | 0 |
_aSewage disposal plants _xUpgrading. _944177 |
|
| 650 | 0 |
_aWater treatment plants _xRetrofitting _944178 |
|
| 650 | 0 |
_aWater treatment plants _xUpgrading. _944179 |
|
| 710 | 2 |
_aWater Environment Federation. _95759 |
|
| 856 | 4 | 1 | _uhttp://www.loc.gov/catdir/toc/mh051/2004061046.html |
| 856 | 4 | 2 | _uhttp://www.loc.gov/catdir/bios/mh051/2004061046.html |
| 856 | 4 | 2 | _uhttp://www.loc.gov/catdir/description/mh051/2004061046.html |
| 942 |
_2ddc _cBK |
||
| 999 |
_c547994 _d547994 |
||